Forestry Commission (Record no. 119647)

MARC details
000 -LEADER
fixed length control field 00826cam a2200253 4500
001 - CONTROL NUMBER
control field WS108244
008 - FIXED-LENGTH DATA ELEMENTS--GENERAL INFORMATION
fixed length control field 000000n 000 0 eng u
035 ## - SYSTEM CONTROL NUMBER
System control number (Sirsi) u108244
110 ## - MAIN ENTRY--CORPORATE NAME
Corporate name or jurisdiction name as entry element Forestry Commission
9 (RLIN) 804
245 ## - TITLE STATEMENT
Title Forestry Commission
520 ## - SUMMARY, ETC.
Summary, etc. Web site which enables you to find out about the country's forests and outlines the work of the Commission to protect and expand them.
650 ## - SUBJECT ADDED ENTRY--TOPICAL TERM
Topical term or geographic name entry element FORESTRY
650 ## - SUBJECT ADDED ENTRY--TOPICAL TERM
Topical term or geographic name entry element TREES
650 ## - SUBJECT ADDED ENTRY--TOPICAL TERM
Topical term or geographic name entry element GRANTS
650 ## - SUBJECT ADDED ENTRY--TOPICAL TERM
Topical term or geographic name entry element LICENCES
650 ## - SUBJECT ADDED ENTRY--TOPICAL TERM
Topical term or geographic name entry element WOODLAND GRANT SCHEME
650 0# - SUBJECT ADDED ENTRY--TOPICAL TERM
Topical term or geographic name entry element FARMLAND WOODLAND PREMIUM SCHEME
650 0# - SUBJECT ADDED ENTRY--TOPICAL TERM
Topical term or geographic name entry element FELLING LICENCES
650 ## - SUBJECT ADDED ENTRY--TOPICAL TERM
Topical term or geographic name entry element ORGANISATION
650 ## - SUBJECT ADDED ENTRY--TOPICAL TERM
Topical term or geographic name entry element GOVERNMENT
690 ## - LOCAL SUBJECT ADDED ENTRY--TOPICAL TERM (OCLC, RLIN)
Topical term or geographic name as entry element RURAL-AGRICULTURE AND FORESTRY
856 40 - ELECTRONIC LOCATION AND ACCESS
Uniform Resource Identifier <a href="https://www.forestry.gov.uk">https://www.forestry.gov.uk</a>
Public note View the website free of charge at www.forestry.gov.uk...
942 ## - ADDED ENTRY ELEMENTS (KOHA)
Suppress in OPAC 0
Holdings
Withdrawn status Lost status Source of classification or shelving scheme Damaged status Not for loan Home library Current library Shelving location Date acquired Total Checkouts Full call number Barcode Date last seen Copy number Price effective from Koha item type
    Dewey Decimal Classification     Virtual Virtual Online 11/09/2000   WEB SITE 108244-2001 06/08/2019 1 06/08/2019 Online material